• 首页
  • 本馆介绍
  • 公告通知
  • 最新文献
  • 馆藏检索
  • 电子资源
  • 读者导购
  • 参考咨询
  • 我的图书馆
  • 登录
  • 详细信息显示
  • 放入我的书架
  • 预约/预借图书
  • 作者相关作品
  • 分类相关作品
  • 丛书相关作品
  • 出版社相关作品

书目信息

  • 表格格式
  • 工作单格式
  • 卡片格式
题名:
中华人民共和国物权法
    
 
作者: ;中国法制出版社 编
分册:  
出版信息: 北京   中国法制出版社  2016
页数: 15,230页
开本: 21cm
丛书名:
单 册:
中图分类: D923.2
科图分类:
主题词: 物权法--Wu Quan Fa--中国
电子资源:
ISBN: 978-7-5093-6791-9
000 00836nam0 22002531 450
001 349754
005 20161008170105.50
010    @a978-7-5093-6791-9@dCNY20.00
100    @a20160407d2016 em y0chiy50 ea
101 0  @achi
102    @aCN@b110000
105    @ay n 000yy
106    @ar
200 1  @a中华人民共和国物权法@AZhong Hua Ren Min Gong He Guo Wu Quan Fa@e实用版@f中国法制出版社编
205    @a5版
210    @a北京@c中国法制出版社@d2016
215    @a15,230页@d21cm
300    @a实用版法律单行本系列 6
330    @a本书收录了《中华人民共和国物权法》,并作了解释,内容包括:总则、所有权、用益物权、担保物权、占有等。
606 0  @a物权法@AWu Quan Fa@y中国
690    @aD923.2@v5
711 02 @a中国法制出版社@AZhong Guo Fa Zhi Chu Ban She@4编
801  0 @aCN@bTANGWEI@20160802
905    @b0886595-9@dD923.2@e1359=5@f5
    
    中华人民共和国物权法:实用版/中国法制出版社编.-5版.-北京:中国法制出版社,2016
    15,230页;21cm
    实用版法律单行本系列 6
    
    ISBN 978-7-5093-6791-9:CNY20.00
    本书收录了《中华人民共和国物权法》,并作了解释,内容包括:总则、所有权、用益物权、担保物权、占有等。
●
相关链接 在E读中查询图书 在五车中查询图书 在当当中查询图书 在豆瓣中查询图书


正题名:中华人民共和国物权法     索取号:D923.2/1359=5         预约/预借

序号 登录号 条形码 馆藏地/架位号 状态 备注
1 0886595   208865959   第一样本阅览室/ [索取号:D923.2/1359=5] 在馆    
2 0886596   208865968   第一借阅区/ [索取号:D923.2/1359=5] 在馆    
3 0886597   208865977   第一借阅区/ [索取号:D923.2/1359=5] 在馆    
4 0886598   208865986   第一借阅区/ [索取号:D923.2/1359=5] 在馆    
5 0886599   208865995   密集书库-史法系/ [索取号:D923.2/1359=5] 在馆    
唐山师范学院图书馆 欢迎您!
大连网信软件有限公司© 版权所有